[Event "EYTCC Open U12 2018"]
[Site "Bad Blankeburg"]
[Date "2018.07.18"]
[Round "9"]
[White "Mizrahi, Ido"]
[Black "Deuer, Marius"]
[Result "1-0"]
[WhiteElo "1914"]
[BlackElo "1834"]
[Annotator "NA"]
[PlyCount "89"]
[EventDate "2018.07.12"]
[EventType "swiss"]
[EventCountry "GER"]
[SourceTitle "playchess.com"]
[Source "ChessBase"]
[SourceQuality "1"]
[WhiteTeam "Israel"]
[BlackTeam "Germany"]
[WhiteTeamCountry "ISR"]
[BlackTeamCountry "GER"]
[TimeControl "40/5400+30:1800+30"]

1. d4 {[%emt 0:00:00]} Nf6 {[%emt 0:00:00]} 2. c4 {[%emt 0:00:00]} e6 {[%emt 0:00:00]} 3. Nc3 {[%emt 0:00:00]} Bb4 {[%emt 0:00:00]} 4. Qc2 {[%emt 0:00:00]} O-O {[%emt 0:01:28]} 5. Nf3 {[%emt 0:00:00]} d6 {[%emt 0:07:43]} 6. a3 {[%emt 0:02:48]} Bxc3+ 7. Qxc3 {[%emt 0:00:02]} h6 {[%emt 0:04:47]} 8. e3 {[%emt 0:04:35]} Qe7 {[%emt 0:03:27]} 9. b4 {[%emt 0:02:33]} Nbd7 {[%emt 0:06:40]} 10. Bb2 {[%emt 0:02:08]} Re8 {[%emt 0:02:03]} 11. Be2 {[%emt 0:03:29]} b6 {[%emt 0:06:36]} 12. O-O {[%emt 0:03:21]} Bb7 {[%emt 0:01:30]} 13. Rfd1 {[%emt 0:03:12]} e5 {[%emt 0:06:57]} 14. dxe5 {[%emt 0:05:38]} Nxe5 {[%emt 0:01:49]} 15. Nxe5 {[%emt 0:01:07]} dxe5 {[%emt 0:06:11]} 16. Rac1 {[%emt 0:11:14]} c5 {[%emt 0:03:52]} 17. b5 {[%emt 0:07:59]} Qc7 {[%emt 0:10:09]} 18. Qc2 {[%emt 0:07:33]} Be4 {[%emt 0:03:36]} 19. Bd3 {[%emt 0:00:53]} Bb7 {[%emt 0:00:51]} 20. Bc3 {[%emt 0:04:32]} Rad8 {[%emt 0:04:40]} 21. Qb2 {[%emt 0:05:04]} Ba8 {[%emt 0:04:56]} 22. Bb1 {[%emt 0:04:35]} Qb7 {[%emt 0:04:52]} 23. f3 {[%emt 0:00:41]} Rxd1+ {[%emt 0:01:54]} 24. Rxd1 {[%emt 0:00:01]} Qe7 {[%emt 0:00:21]} 25. Qc2 {[%emt 0:07:03]} g6 {[%emt 0:04:52]} 26. a4 {[%emt 0:03:48]} Kg7 {[%emt 0:03:12]} 27. a5 {[%emt 0:03:58]} Qe6 {[%emt 0:00:40]} 28. Bb2 {[%emt 0:08:22]} Bb7 {[%emt 0:01:37]} 29. a6 {[%emt 0:02:00]} Ba8 {[%emt 0:01:10]} 30. Qd3 {[%emt 0:00:19]} e4 {[%emt 0:02:43]} 31. fxe4 {[%emt 0:00:16]} Bxe4 32. Qxe4 {[%emt 0:00:25]} Qxe4 {[%emt 0:00:50]} 33. Bxe4 {[%emt 0:00:08]} Rxe4 {[%emt 0:00:06]} 34. Rd6 {[%emt 0:00:22]} Re6 {[%emt 0:00:42]} 35. Rxe6 {[%emt 0:01:05]} fxe6 {[%emt 0:00:07]} 36. Be5 {[%emt 0:00:01]} Kf7 {[%emt 0:00:52]} 37. Bb8 {[%emt 0:00:11]} Ke7 {[%emt 0:02:35]} 38. Bxa7 {[%emt 0:00:17]} Kd7 {[%emt 0:00:18]} 39. Bxb6 {[%emt 0:00:16]} Kc8 {[%emt 0:00:15]} 40. Bxc5 {[%emt 0:00:19]} Kb8 {[%emt 0:00:05]} 41. b6 {[%emt 0:32:09]} Nd7 {[%emt 0:31:58]} 42. Bd6+ {[%emt 0:00:09]} Ka8 {[%emt 0:00:09]} 43. c5 {[%emt 0:01:14]} e5 {[%emt 0:00:27]} 44. b7+ {[%emt 0:00:10]} Ka7 {[%emt 0:00:08]} 45. c6 {[%emt 0:00:04]} 1-0

[Event "EYTCC Open U12 2018"]
[Site "Bad Blankeburg"]
[Date "2018.07.18"]
[Round "9"]
[White "Metzdorf, Matteo"]
[Black "Mekhane, Adam"]
[Result "0-1"]
[WhiteElo "1878"]
[BlackElo "1999"]
[Annotator "NA"]
[PlyCount "130"]
[EventDate "2018.07.12"]
[EventType "swiss"]
[EventCountry "GER"]
[SourceTitle "playchess.com"]
[Source "ChessBase"]
[SourceQuality "1"]
[WhiteTeam "Germany"]
[BlackTeam "France"]
[WhiteTeamCountry "GER"]
[BlackTeamCountry "FRA"]
[TimeControl "40/5400+30:1800+30"]

1. e4 {[%emt 0:00:00]} e5 {[%emt 0:00:00]} 2. Nf3 {[%emt 0:00:00]} Nc6 {[%emt 0:00:00]} 3. Bb5 {[%emt 0:00:00]} a6 {[%emt 0:00:00]} 4. Ba4 {[%emt 0:00:00]} Nf6 {[%emt 0:00:23]} 5. d3 {[%emt 0:00:00]} b5 {[%emt 0:00:18]} 6. Bb3 {[%emt 0:00:00]} Be7 {[%emt 0:00:06]} 7. O-O {[%emt 0:00:10]} O-O {[%emt 0:00:06]} 8. Re1 {[%emt 0:00:34]} d6 {[%emt 0:01:10]} 9. c3 {[%emt 0:00:23]} Na5 {[%emt 0:08:48]} 10. Bc2 {[%emt 0:00:18]} c5 {[%emt 0:00:59]} 11. Nbd2 {[%emt 0:02:42]} Nc6 {[%emt 0:02:00]} 12. Nf1 {[%emt 0:07:04]} Re8 {[%emt 0:02:14]} 13. h3 {[%emt 0:03:37] LiveBook: 226 Partien} Bf8 {[%emt 0:02:33]} 14. d4 {[%emt 0:12:54]} cxd4 {[%emt 0:11:38]} 15. cxd4 {[%emt 0:00:17]} Nxd4 {[%emt 0:00:26]} 16. Nxd4 {[%emt 0:00:10]} exd4 17. Qxd4 {[%emt 0:00:48]} Qc7 {[%emt 0:05:38]} 18. Bb3 {[%emt 0:02:20]} Bb7 {[%emt 0:03:43]} 19. Ng3 {[%emt 0:03:45]} d5 {[%emt 0:08:12]} 20. e5 {[%emt 0:16:10]} Bc5 {[%emt 0:02:28]} 21. Qf4 {[%emt 0:07:13]} Bd6 {[%emt 0:06:20]} 22. Nf5 {[%emt 0:13:56]} Rxe5 {[%emt 0:08:40]} 23. Rxe5 {[%emt 0:01:50]} Bxe5 {[%emt 0:00:42]} 24. Qg5 {[%emt 0:02:11]} Ne4 {[%emt 0:02:06]} 25. Qe7 {[%emt 0:04:26]} Rc8 {[%emt 0:07:52]} 26. Be3 {[%emt 0:05:00]} Bxb2 {[%emt 0:03:53]} 27. Rd1 {[%emt 0:02:05]} Bf6 {[%emt 0:02:34]} 28. Qb4 {[%emt 0:05:16]} a5 {[%emt 0:06:17]} 29. Qe1 {[%emt 0:02:03]} Qd7 {[%emt 0:03:56]} 30. Nd4 {[%emt 0:01:07]} a4 {[%emt 0:04:27]} 31. Bc2 {[%emt 0:01:24]} Bxd4 {[%emt 0:00:59]} 32. Bxe4 {[%emt 0:00:10]} dxe4 {[%emt 0:01:21]} 33. Bxd4 {[%emt 0:00:25]} Qf5 {[%emt 0:02:13]} 34. Qe3 {[%emt 0:00:33]} h6 {[%emt 0:01:42]} 35. Kf1 {[%emt 0:00:57]} b4 {[%emt 0:01:16]} 36. Kg1 {[%emt 0:01:09]} Kh7 {[%emt 0:00:32]} 37. h4 {[%emt 0:00:24]} Ba6 {[%emt 0:00:51]} 38. Qg3 {[%emt 0:00:39]} Qg6 {[%emt 0:00:21]} 39. Qf4 {[%emt 0:00:43]} Be2 {[%emt 0:00:48]} 40. Re1 {[%emt 0:00:13]} Bf3 {[%emt 0:01:11]} 41. g3 {[%emt 0:30:28]} Rc2 {[%emt 0:10:28]} 42. Rb1 {[%emt 0:00:00]} Qe6 {[%emt 0:03:12]} 43. Kh2 {[%emt 0:00:00]} Qxa2 {[%emt 0:02:17]} 44. Rf1 {[%emt 0:00:00]} Qc4 {[%emt 0:03:32]} 45. Qe5 {[%emt 0:00:00]} f6 {[%emt 0:00:40]} 46. Qf5+ {[%emt 0:00:00]} Kh8 {[%emt 0:01:09]} 47. Bxf6 {[%emt 0:00:00]} gxf6 {[%emt 0:02:02]} 48. Qxf6+ {[%emt 0:00:00]} Kh7 {[%emt 0:00:12]} 49. Qf5+ {[%emt 0:00:00]} Kg7 {[%emt 0:00:26]} 50. Qe5+ {[%emt 0:00:00]} Kf7 {[%emt 0:00:37]} 51. Qf5+ {[%emt 0:00:00]} Ke7 {[%emt 0:00:20]} 52. Qe5+ {[%emt 0:00:00]} Kd7 {[%emt 0:00:43]} 53. Qg7+ {[%emt 0:00:00]} Kc6 {[%emt 0:00:47]} 54. Qf6+ {[%emt 0:00:00]} Kd5 {[%emt 0:02:13]} 55. Qf5+ {[%emt 0:00:00]} Kc6 {[%emt 0:02:43]} 56. Qc8+ {[%emt 0:00:00]} Kd6 {[%emt 0:00:45]} 57. Qf8+ {[%emt 0:00:00]} Ke5 {[%emt 0:00:41]} 58. Qf4+ {[%emt 0:00:00]} Kd4 {[%emt 0:00:40]} 59. Qf6+ {[%emt 0:00:00]} Kd3 $19 {[%emt 0:01:24]} 60. Qd6+ {[%emt 0:00:00]} Kc3 {[%emt 0:00:42]} 61. Qf6+ {[%emt 0:00:00]} Qd4 {[%emt 0:00:23]} 62. Qc6+ {[%emt 0:00:00]} Kb2 {[%emt 0:00:15]} 63. Qb5 {[%emt 0:00:00]} Rxf2+ {[%emt 0:01:01]} 64. Kh3 {[%emt 0:00:00]} Bg2+ {[%emt 0:00:33]} 65. Kg4 {[%emt 0:00:00]} Qg7+ {[%emt 0:00:39]} 0-1

[Event "EYTCC Open U12 2018"]
[Site "Bad Blankeburg"]
[Date "2018.07.18"]
[Round "9"]
[White "Nitsche, Nikolai"]
[Black "Levin, Guy"]
[Result "0-1"]
[WhiteElo "1726"]
[BlackElo "2008"]
[Annotator "NA"]
[PlyCount "96"]
[EventDate "2018.07.12"]
[EventType "swiss"]
[EventCountry "GER"]
[SourceTitle "playchess.com"]
[Source "ChessBase"]
[SourceQuality "1"]
[WhiteTeam "Germany"]
[BlackTeam "Israel"]
[WhiteTeamCountry "GER"]
[BlackTeamCountry "ISR"]
[TimeControl "40/5400+30:1800+30"]

1. e4 {[%emt 0:00:00]} c5 {[%emt 0:00:00]} 2. Nf3 {[%emt 0:00:00]} Nc6 {[%emt 0:00:00]} 3. Bb5 {[%emt 0:00:00]} g6 {[%emt 0:00:00]} 4. c3 {[%emt 0:00:00]} Nf6 {[%emt 0:00:02]} 5. e5 {[%emt 0:00:11]} Nd5 {[%emt 0:00:13]} 6. O-O {[%emt 0:00:10]} Bg7 {[%emt 0:01:46]} 7. d4 {[%emt 0:00:24]} cxd4 {[%emt 0:01:00]} 8. cxd4 {[%emt 0:00:47]} O-O {[%emt 0:01:49]} 9. Nc3 {[%emt 0:00:26]} Nxc3 {[%emt 0:09:13]} 10. bxc3 {[%emt 0:00:13]} d6 {[%emt 0:00:19]} 11. exd6 {[%emt 0:00:08]} Qxd6 {[%emt 0:01:45]} 12. a4 {[%emt 0:00:20]} Qc7 {[%emt 0:05:30] B31: Sicilian: 2...Nc6 3 Bb5 g6} 13. Ba3 {[%emt 0:11:32]} a6 {[%emt 0:08:26]} 14. Bxc6 {[%emt 0:01:05]} Qxc6 {[%emt 0:02:46]} 15. Bxe7 {[%emt 0:03:40]} Re8 {[%emt 0:01:43]} 16. d5 {[%emt 0:01:58]} Qxc3 {[%emt 0:00:54]} 17. Rc1 {[%emt 0:00:10]} Qa5 {[%emt 0:01:33]} 18. d6 {[%emt 0:00:25]} Bd7 {[%emt 0:01:11]} 19. Qb3 {[%emt 0:11:48]} Bc6 {[%emt 0:04:47] [#]} 20. Rfe1 $146 {[%emt 0:29:51]} ({Predecessor:} 20. Rxc6 bxc6 {1-0 (35) Arizmendi Martinez,J (2534)-Borchgrevink,H (2265) Gibraltar 2006}) 20... Bf8 {[%emt 0:16:19]} 21. Rxc6 {[%emt 0:10:34]} bxc6 {[%emt 0:04:03]} 22. Re5 {[%emt 0:00:37]} Rab8 {[%emt 0:03:51]} 23. Qd1 {[%emt 0:04:26]} Qb6 {[%emt 0:02:21]} 24. Bxf8 {[%emt 0:07:02]} Rxf8 {[%emt 0:00:54]} 25. h4 $19 {[%emt 0:05:08]} Qb1 {[%emt 0:02:39]} 26. Re1 {[%emt 0:00:27]} Qxd1 {[%emt 0:01:05]} 27. Rxd1 {[%emt 0:00:12]} Rfd8 {[%emt 0:15:04]} 28. Ne5 {[%emt 0:00:14]} Rbc8 {[%emt 0:00:57]} 29. Nc4 {[%emt 0:01:44]} c5 {[%emt 0:01:34]} 30. f4 {[%emt 0:01:20]} Rc6 {[%emt 0:00:55]} 31. Kf2 {[%emt 0:00:10]} f6 {[%emt 0:00:17]} 32. Kf3 {[%emt 0:00:19]} Kf7 {[%emt 0:00:11]} 33. g4 {[%emt 0:01:32]} Ke6 {[%emt 0:02:35]} 34. g5 {[%emt 0:03:23]} fxg5 {[%emt 0:00:56]} 35. hxg5 {[%emt 0:00:15]} Rcxd6 {[%emt 0:01:12]} 36. Nxd6 {[%emt 0:01:31]} Rxd6 {[%emt 0:00:06]} 37. Rh1 {[%emt 0:00:37]} Rd7 {[%emt 0:02:22]} 38. Rb1 {[%emt 0:02:22]} Kf5 {[%emt 0:03:58]} 39. Rb6 {[%emt 0:01:04]} Rd3+ {[%emt 0:00:53]} 40. Ke2 {[%emt 0:00:18]} Ra3 {[%emt 0:01:00]} 41. Rxa6 {[%emt 0:31:34]} Kxf4 {[%emt 0:30:13]} 42. Ra5 {[%emt 0:00:04]} Kxg5 {[%emt 0:03:21]} 43. Rxc5+ {[%emt 0:00:21]} Kh4 {[%emt 0:00:37]} 44. Ra5 {[%emt 0:00:06]} g5 {[%emt 0:00:43]} 45. Ra8 {[%emt 0:00:43]} g4 {[%emt 0:00:00]} 46. a5 {[%emt 0:00:00]} g3 {[%emt 0:00:00]} 47. a6 {[%emt 0:00:00]} g2 {[%emt 0:00:00]} 48. Rg8 {[%emt 0:00:00]} Rg3 0-1